000 01542cad a22002775a 4500
001 L158236
008 090309s2014 xxk f 000 0 eng d
020 _a9781783210404
035 _a(Sirsi) u158236
041 0 _aeng
050 0 4 _a333.33 $2 18
110 2 _aRoyal Institution of Chartered Surveyors
_94900
245 0 0 _aSinking funds, reserve funds and depreciation charges
_h[electronic resource]
250 _a2nd ed.
260 _aLondon
_bRICS
_c2014
490 0 _aRICS Information Paper
520 _aConsiders sinking funds, reserve funds and depreciation charges in the context of commercial property. This paper is in three sections. The first section addresses matters that owners, occupiers, managers and drafting solicitors might like to consider. The second section provides further information in support of the RICS Code of Practice, Service Charges in Commercial Property (?the Code?). The third section (see Appendix A) sets out suggested service charge lease provisions that have been specifically designed to comply with the principles and provisions of the Code. Supersedes 1st edition.
520 _aArchived June 2018 No longer current - information purposes only
521 _aAdvanced
590 _aKA
651 4 _aUnited Kingdom
690 _aCommercial property
_96227
690 _aProperty management
_96262
856 4 0 _uhttps://www.isurv.com/downloads/download/415/sinking_funds_reserve_funds_and_depreciation_charges_archived
_zArchived on isurv (subscription required)
942 _n0
_2ddc
999 _c115217
_d115217